| 000 | 01290nam a2200205Ia 4500 | ||
|---|---|---|---|
| 003 | Ost | ||
| 005 | 20260507075119.0 | ||
| 008 | 260507s9999||||xx |||||||||||||| ||und|| | ||
| 040 | _cfsecg | ||
| 041 | _aara | ||
| 082 | _a330 | ||
| 100 |
_aادريس، ثابت عبد الرحمن _eمؤلف |
||
| 245 | 0 |
_aالإدارة الإستراتيجية : _bمفاهيم ونماذج تطبيقية / _c ثابت عبد الرحمن ادريس |
|
| 260 |
_aالإسكندرية: _bالدار الجامعية, _c2003 |
||
| 300 |
_a459 صفحة؛ _bإيضاحات ؛ _c25 سم |
||
| 520 | _aطبيعة الإدارة الإستراتيجية (المفهوم والأهمية والمخاطر)- المديرون الإستراتيجيون متخذو القرارات - الرؤية الإستراتيجية والرسالة والاهداف- تحديد الرؤية الإستراتيجية وصياغة الرسالة- تحديد الاهداف الإستراتيجية- التحليل البيئي- صياغة الإستراتيجية- تنفيذ الإستراتيجية- تقييم ورقابة الإستراتيجية | ||
| 653 | _aالإدارة الإدارة الإستراتيجية | ||
| 700 |
_aالمرسي، جمال الدين محمد _eمؤلف ثانوي |
||
| 942 | _cكتاب | ||
| 999 |
_c43055 _d43055 |
||